000 00839nam a2200241Ia 4500
003 GCL
008 140319s9999 xx 000 0 ara d
040 _aGCL /
_cGCL
082 0 4 _a353
_bن ق
100 1 _aنويشنات , ريتشارد اى
245 1 0 _aالقوة الرئاسية والرؤساء المعاصرون : سياسات القيادة من روزفلت الى ريجان /
_cنويشنات , ريتشارد اى
700 1 _aعبدالقادر عثمان
700 1 _aفاروق منصور (مراجعة)
300 _a595 ص
490 _a
650 0 4 _aتاريخ
650 0 4 _aالولايات المتحدة الامريكية
650 0 4 _aالكونجرس
650 0 4 _aالسياسة - تاريخ
650 0 4 _aرونالد ريجان
650 0 4 _aفرانكلين روزفلت
942 _2ddc
_cBK
999 _c47813
_d47813